[Event "Guilan Stars Cup 1st"]
[Site "Guilan"]
[Date "2016.07.16"]
[Round "6.9"]
[White "Maghsoodloo, Parham"]
[Black "Ehlvest, Jaan"]
[Result "1-0"]
[WhiteElo "2501"]
[BlackElo "2524"]
[PlyCount "89"]
[EventDate "2016.07.11"]
[EventType "schev"]
[EventRounds "10"]
[EventCountry "IRI"]
[SourceTitle "CBM 174"]
[Source "ChessBase"]
[SourceDate "2016.09.13"]
[SourceVersion "1"]
[SourceVersionDate "2016.09.13"]
[SourceQuality "1"]
[WhiteTeam "Iran Stars"]
[BlackTeam "World Stars"]
[WhiteTeamCountry "IRI"]

1. Nf3 g6 2. g3 Bg7 3. d4 c5 4. Bg2 cxd4 5. Nxd4 Nc6 6. Nb3 b6 ({RR} 6... h5 7. h3 d6 8. Nc3 Be6 9. e4 Bxc3+ 10. bxc3 Nf6 11. O-O Qd7 12. Kh2 Rc8 13. Nd4 Ne5 14. f4 Nc6 15. Be3 Bc4 16. Rf2 d5 17. e5 Ne4 18. Bxe4 dxe4 19. Rd2 Nxd4 20. Rxd4 Qc6 21. a4 {Onischuk,V (2629)-Kovalenko,I (2656) Lutsk 2015 1-0 (53)}) ({RR} 6... a5 7. a4 Nf6 8. O-O O-O 9. Nc3 b6 10. Nd5 Ba6 11. c3 Rc8 12. Be3 Nxd5 13. Bxd5 e6 14. Bg2 d5 15. Nd4 Ne5 16. Bc1 Qc7 17. Re1 Rfd8 18. Bf4 Qc5 19. e4 Nd3 20. exd5 Nxe1 21. Qxe1 {Orantes Taboada,F (2261)-Barria Zuniga,D (2341) Chess.com INT 2021 0-1 (39)}) 7. O-O Bb7 8. a4 Nf6 $146 ({RR} 8... Qc8 9. e4 d6 10. Re1 h5 11. Na3 Ne5 12. Be3 Nf6 13. f4 Ned7 14. Bd4 O-O 15. h3 Rd8 16. Qe2 e5 17. Bf2 h4 18. Nb5 hxg3 19. Bxg3 Nc5 20. Nxc5 Qxc5+ 21. Bf2 Qc6 22. fxe5 dxe5 23. Nc3 {Stluka,P (2265)-Roj,M (2210) Czech Republic 2000 ½-½ (101)}) ({RR} 8... d6 9. Nc3 Nf6 10. e4 Nd7 11. f4 Nc5 12. Nxc5 bxc5 13. Ra3 Rb8 14. Re1 O-O 15. Nd5 Na5 16. Rf3 Bxd5 17. exd5 Bxb2 18. Bxb2 Rxb2 19. Bf1 c4 20. f5 Qc7 21. Kh1 Rfb8 22. Qe2 R8b7 23. Bh3 {Poley,V (2306)-Cicak,S (2498) Sweden 2014 0-1 (41)}) 9. e4 d6 10. Bd2 O-O 11. Re1 Rb8 12. Bc3 a6 13. Na3 Qc7 14. Qe2 Rbc8 15. Nc4 Nd7 16. Bxg7 Kxg7 17. Ne3 e6 18. c3 Nf6 19. f4 Ne7 20. Nd2 Rfd8 21. Kh1 e5 22. c4 exf4 23. gxf4 Re8 24. Qd3 Qc5 25. Bf3 b5 26. axb5 axb5 27. b4 Qb6 28. Ra5 bxc4 29. Ndxc4 Qc7 30. Nxd6 Red8 31. Nec4 Nc6 32. Ra4 Ra8 33. Rxa8 Bxa8 34. Qc3 Ne7 35. Qe5 Qa7 36. Bg2 Neg8 37. b5 Qf2 38. Rf1 Qe2 39. Kg1 Kf8 40. h3 Ne8 41. f5 gxf5 42. Qxf5 Nxd6 43. Nxd6 Qe3+ 44. Kh2 Nh6 45. Qf6 1-0

[Event "Guilan Stars Cup 1st"]
[Site "Guilan"]
[Date "2016.07.17"]
[Round "7.5"]
[White "Maghsoodloo, Parham"]
[Black "Sokolov, Ivan"]
[Result "1-0"]
[WhiteElo "2501"]
[BlackElo "2642"]
[PlyCount "83"]
[EventDate "2016.07.11"]
[EventType "schev"]
[EventRounds "10"]
[EventCountry "IRI"]
[SourceTitle "CBM 174"]
[Source "ChessBase"]
[SourceDate "2016.09.13"]
[SourceVersion "1"]
[SourceVersionDate "2016.09.13"]
[SourceQuality "1"]
[WhiteTeam "Iran Stars"]
[BlackTeam "World Stars"]
[WhiteTeamCountry "IRI"]

1. Nf3 d5 2. g3 Bg4 3. Bg2 e6 4. d3 ({RR} 4. h3 Bxf3 5. Bxf3 Nf6 6. d3 Nbd7 7. Bg2 c6 8. O-O Bd6 9. e4 Qc7 10. Kh1 O-O 11. f4 dxe4 12. dxe4 e5 13. f5 h6 14. Nd2 Be7 15. Qe2 a5 16. g4 Nh7 17. Nf3 Ng5 18. Nh2 Nh7 {Giri,A (2760)-Duda,J (2750) chess24.com INT 2022 ½-½}) 4... Bd6 ({RR} 4... Nd7 5. h3 Bh5 6. O-O c6 7. Qe1 Ngf6 8. e4 dxe4 9. dxe4 Bxf3 10. Bxf3 e5 11. Kg2 Be7 12. Nd2 O-O 13. Nc4 Qc7 14. Ne3 Rfd8 15. a4 Nc5 16. Nf5 Ne6 17. c3 Bf8 18. Qe2 Rd7 19. h4 {Kramnik,V (2753)-Dehtiarov,R (2319) chess.com INT 2024 1-0 (44)}) 5. Nbd2 Ne7 6. c3 $146 ({RR} 6. a3 a5 7. c4 c6 8. O-O O-O 9. Qc2 Nd7 10. e3 Rc8 11. d4 dxc4 12. Nxc4 Bb8 13. b4 Bc7 14. Nce5 Bxf3 15. Nxf3 b6 16. Qc3 Bb8 17. Bb2 Nd5 18. Qb3 b5 19. bxa5 Qxa5 20. a4 b4 {Andreolli Silva,C-Carvalho,C Praia de Leste 1995 ½-½}) 6... O-O 7. e4 c5 8. O-O Nbc6 9. Qa4 Bh5 10. Re1 a6 11. e5 Bc7 12. Qa3 Bg6 13. Qxc5 Bxd3 14. Qe3 Bc2 15. b3 a5 16. Ba3 a4 17. Bc5 b6 18. Ba3 Bg6 19. Bf1 Ra5 20. Bxe7 Qxe7 21. b4 d4 22. Nxd4 Nxd4 23. cxd4 Qxb4 24. Rec1 Bb8 25. Nc4 Rd5 26. a3 Qb5 27. Ra2 Rfd8 28. Nd6 Qb3 29. Bc4 Qxe3 30. fxe3 R5xd6 31. exd6 Bxd6 32. Bb5 h5 33. Bxa4 h4 34. Rc6 hxg3 35. hxg3 Be4 36. Rxb6 Bxg3 37. Bc6 Bd3 38. a4 f5 39. a5 f4 40. Kg2 Rc8 41. exf4 Bxf4 42. Bb7 1-0

[Event "Magas m Armageddon"]
[Site "Magas"]
[Date "2016.07.12"]
[Round "1"]
[White "Inarkiev, Ernesto"]
[Black "Gelfand, Boris"]
[Result "1-0"]
[WhiteElo "2730"]
[BlackElo "2734"]
[PlyCount "73"]
[EventDate "2016.07.12"]
[EventType "game (blitz)"]
[EventRounds "1"]
[EventCountry "RUS"]
[SourceTitle "CBM 174"]
[Source "ChessBase"]
[SourceDate "2016.09.13"]
[SourceVersion "1"]
[SourceVersionDate "2016.09.13"]
[SourceQuality "1"]

1. Nf3 d5 2. g3 g6 3. Bg2 Bg7 4. c4 dxc4 5. Qa4+ Nc6 6. O-O e5 7. Qxc4 Nge7 8. d3 O-O 9. Bd2 $146 ({RR} 9. Nc3 Be6 10. Qa4 h6 11. Ne4 b6 12. Bd2 Nd4 13. Rfe1 a5 14. Nc3 Rb8 15. Nb5 Qe8 16. Nfxd4 exd4 17. Qa3 Qxb5 18. Qxe7 Qxb2 19. Bf4 Rfc8 20. Rac1 Bf8 21. Qf6 Bg7 22. Qe7 Bf8 23. Qf6 Bg7 {Weber,S (2276)-Kocharin,T (2179) Ostfildern GER 2023 ½-½}) ({RR} 9. Nc3 h6 10. Qh4 g5 11. Bxg5 hxg5 12. Nxg5 Bf5 13. Be4 Qd7 14. g4 f6 15. Bxf5 Qxf5 16. gxf5 fxg5 17. Qc4+ Kh8 18. e4 Rad8 19. Rad1 Bf6 20. Kh1 Rd7 21. Rg1 Nd4 22. Nb5 Nec6 23. Nxd4 Nxd4 {Andreikin,D (2729)-Nakamura,H (2802) chess.com INT 2024 1-0 (45)}) ({RR} 9. Nc3 Be6 10. Qa4 h6 11. Bd2 Qd7 12. Ne4 b6 13. Bxh6 f5 14. Bxg7 fxe4 15. Bxf8 exf3 16. Bxe7 fxg2 17. Rfc1 Nxe7 18. Qxd7 Bxd7 19. Rxc7 Rd8 20. Kxg2 Nc6 21. Kf1 Nd4 22. Rac1 e4 23. dxe4 Bb5 {Polyik,P (2295)-Ho,C (2108) New York USA 2024 1-0}) ({RR} 9. Nc3 h6 10. Bd2 Nf5 11. Qa4 Bd7 12. Rfc1 Ncd4 13. Qd1 Bc6 14. Nxd4 exd4 15. Ne4 Bd5 16. b4 Re8 17. a4 Rc8 18. b5 Kh7 19. Bb4 Re5 20. Rab1 c6 21. bxc6 Rxc6 22. Rxc6 Bxc6 23. a5 Ne7 {Bruzon Batista,L (2644)-Sevian,S (2660) Chess.com INT 2020 0-1 (43)}) 9... Be6 10. Qc1 Nf5 11. Nc3 Rb8 12. Ng5 Bd7 13. Nd5 Ncd4 14. Re1 c6 15. Nc3 h6 16. Nge4 Kh7 17. b4 b6 18. e3 Ne6 19. Qa3 Ra8 20. Qb3 Qe7 21. a4 Rab8 22. b5 Rfc8 23. bxc6 Bxc6 24. Nb5 Bxe4 25. dxe4 Nc5 26. Qa3 Nd6 27. Bb4 a5 28. Bxc5 Rxc5 29. Nc3 Rbc8 30. Nd5 Qb7 31. Rab1 Nc4 32. Qa2 b5 33. axb5 Rxb5 34. Rxb5 Qxb5 35. Bf1 a4 36. Rb1 Qc5 37. Rc1 1-0

[Event "Biel MTO op 49th"]
[Site "Biel"]
[Date "2016.08.03"]
[Round "9"]
[White "Aravindh, Chithambaram VR"]
[Black "Jumabayev, Rinat"]
[Result "1-0"]
[WhiteElo "2543"]
[BlackElo "2613"]
[PlyCount "99"]
[EventDate "2016.07.25"]
[EventType "swiss"]
[EventRounds "9"]
[EventCountry "SUI"]
[SourceTitle "CBM 173 Extra"]
[Source "ChessBase"]
[SourceDate "2016.08.29"]
[SourceVersion "1"]
[SourceVersionDate "2016.08.29"]
[SourceQuality "1"]

1. Nf3 Nf6 2. g3 d5 3. Bg2 e6 4. O-O Be7 5. d3 b5 6. Nbd2 Bb7 7. e4 c5 8. Re1 Nc6 9. e5 Nd7 10. h4 Qc7 11. Qe2 a5 12. Nf1 a4 13. c3 $146 ({RR} 13. Bf4 c4 14. d4 b4 15. Ne3 Nb6 16. Red1 Ba6 17. Qd2 Na5 18. Qe1 h6 19. Ng4 Bb5 20. h5 Kd7 21. Bf1 Qc6 22. Bh3 Rhc8 23. Rdc1 c3 24. b3 axb3 25. axb3 Ra6 26. Ne3 Rca8 27. Qd1 R8a7 {Harari,Z (2081)-Wei,N (1775) Southend 2014 1-0 (70)}) 13... a3 14. b3 d4 15. c4 bxc4 16. bxc4 Nb6 17. Ng5 Na4 18. Qh5 Bxg5 19. Qxg5 Nb4 20. Bxb7 Qxb7 21. Qxg7 O-O-O 22. Rb1 Qc6 23. Rb3 Nc3 24. Bd2 Qf3 25. Nh2 Qf5 26. Bxc3 dxc3 27. Rxc3 Rhg8 28. Qf6 Rxd3 29. Qe7 Rxc3 30. Qxc5+ Kd7 31. Qd4+ Nd5 32. cxd5 Qd3 33. Qa7+ Kd8 34. Qa5+ Kd7 35. Qa4+ Ke7 36. Qb4+ Kd8 37. Qb6+ Kd7 38. Qa7+ Kd8 39. Qa5+ Kd7 40. Nf1 Rgc8 41. Qa4+ Ke7 42. d6+ Kf8 43. d7 Rd8 44. Qa5 Rxd7 45. Re3 Rc1 46. Rxd3 Rxd3 47. Kg2 Ra1 48. Qa6 Rc3 49. Qd6+ Kg7 50. Qd2 1-0

[Event "Biel Exhibition blitz"]
[Site "Biel"]
[Date "2016.07.30"]
[Round "4"]
[White "Svidler, Peter"]
[Black "Bok, Benjamin"]
[Result "1-0"]
[WhiteElo "2759"]
[BlackElo "2613"]
[PlyCount "117"]
[EventDate "2016.07.30"]
[EventType "tourn (blitz)"]
[EventRounds "5"]
[EventCountry "SUI"]
[EventCategory "15"]
[SourceTitle "CBM 173 Extra"]
[Source "ChessBase"]
[SourceDate "2016.08.29"]
[SourceVersion "1"]
[SourceVersionDate "2016.08.29"]
[SourceQuality "1"]

1. Nf3 Nf6 ({RR} 1... d5 2. g3 {½-½ (18) Drasko,M (2451)-Bulmaga,I (2412) Izmir 2017}) 2. g3 d5 3. Bg2 c6 4. O-O Bg4 5. d3 Nbd7 6. Qe1 e5 7. e4 dxe4 8. dxe4 Bc5 9. Nbd2 O-O 10. h3 Bh5 11. a4 Qc7 12. Nb3 Be7 13. Nh4 Rfe8 14. Be3 Bf8 15. g4 Bg6 16. Nf5 a5 17. Qe2 Nb6 18. Ng3 Nfd7 19. Rfd1 $146 f6 20. h4 Bf7 21. g5 fxg5 22. hxg5 Nc4 23. Bc1 Rad8 24. Rd3 Nc5 25. Nxc5 Bxc5 26. Rxd8 Rxd8 27. b3 Bd4 28. Rb1 Nd6 29. Bd2 b5 30. Nf5 bxa4 31. Nxd4 exd4 32. e5 Nf5 33. e6 Bg6 34. bxa4 Re8 35. Qc4 Kh8 36. Qxc6 Qe7 37. Bxa5 Qxg5 38. Qd5 h6 39. Bc7 Qf6 40. Be5 Qxe6 41. Qxe6 Rxe6 42. Rb5 Be8 43. Ra5 Kh7 44. Bh3 Bg6 45. Rc5 Ra6 46. a5 Nh4 47. Bc7 Nf3+ 48. Kf1 d3 49. cxd3 Bxd3+ 50. Kg2 Be4 51. Kg3 Nd4 52. Kf4 Ba8 53. Ke3 Nb3 54. Rb5 Na1 55. Bf5+ Kg8 56. Rb8+ Kf7 57. Bb6 Nb3 58. Bd3 Rxb6 59. axb6 1-0

[Event "Biel Exhibition blitz final"]
[Site "Biel"]
[Date "2016.07.30"]
[Round "1"]
[White "Vachier Lagrave, Maxime"]
[Black "Svidler, Peter"]
[Result "1-0"]
[WhiteElo "2798"]
[BlackElo "2759"]
[PlyCount "76"]
[EventDate "2016.07.30"]
[EventType "match (blitz)"]
[EventRounds "2"]
[EventCountry "SUI"]
[SourceTitle "CBM 173 Extra"]
[Source "ChessBase"]
[SourceDate "2016.08.29"]
[SourceVersion "1"]
[SourceVersionDate "2016.08.29"]
[SourceQuality "1"]

1. g3 d5 2. Nf3 g6 3. c4 dxc4 4. Na3 Bg7 5. Nxc4 Nc6 6. d3 e5 7. Be3 ({RR} 7. Bd2 Nge7 8. h4 h6 9. Bc3 f6 10. Qb3 a5 11. a4 Be6 12. Bh3 Bxh3 13. Rxh3 b6 14. O-O-O Qd5 15. e4 Qe6 16. Rhh1 h5 17. Nxa5 Qxb3 18. Nxb3 Rxa4 19. Kc2 Kf7 20. Ra1 Rha8 21. Rxa4 Rxa4 {Rapport,R (2763)-So,W (2770) Paris 2021 ½-½ (35)}) ({RR} 7. Bd2 Nge7 8. Bg2 O-O 9. O-O Be6 10. Rc1 a5 11. Bc3 f6 12. Qa4 Qd7 13. Rfd1 Nb4 14. Qxd7 Bxd7 15. a3 Na2 16. Rb1 Nxc3 17. bxc3 b6 18. Nfd2 Rad8 19. Ne3 Ba4 20. Rdc1 f5 21. Nb3 Bh6 {Azadi,A (2263)-Omidi,A (2303) Rasht IRI 2024 ½-½ (62)}) ({RR} 7. Bd2 Nge7 8. Bg2 O-O 9. b4 a6 10. O-O Be6 11. Rc1 b5 12. Ne3 Bxa2 13. Ng5 h6 14. Nxf7 Bxf7 15. Bxc6 Nxc6 16. Rxc6 Qd7 17. Qc2 Rfc8 18. Rc1 Bf8 19. Rxc7 Rxc7 20. Qxc7 Qxc7 21. Rxc7 a5 {Svidler,P (2723)-Grandelius,N (2651) chess24.com INT 2020 1-0 (33)}) 7... Nge7 8. Bg2 O-O 9. h4 $146 ({RR} 9. O-O Nd5 10. Bg5 f6 11. Bd2 Be6 12. Rc1 Qd7 13. Re1 Rfd8 14. h4 h6 15. a3 Nd4 16. b4 c6 17. Na5 Qf7 18. e4 Nxf3+ 19. Bxf3 Nb6 20. Qe2 h5 21. Be3 Rd7 22. Red1 Rad8 23. Kh2 Kh7 {Andriasian,Z (2600)-Pashikian,A (2604) Yerevan 2015 ½-½ (48)}) ({RR} 9. O-O h6 10. Rc1 Be6 11. a3 a5 12. Qc2 a4 13. Bd2 Nf5 14. Bc3 Nfd4 15. Bxd4 exd4 16. Ncd2 Na5 17. Qxc7 Ra6 18. Qxd8 Rxd8 19. Rc5 Bf8 20. Rb5 Ra7 21. Rc1 Nc6 22. Nc4 h5 23. Ng5 Bd7 {Martinez Alcantara,J (2603)-Shankland,S (2710) chess.com INT 2023 1-0 (48)}) 9... Nf5 10. Bc5 Re8 11. h5 Be6 12. Rc1 g5 13. e3 h6 14. Qe2 Qd7 15. O-O Rad8 16. Rfd1 b6 17. Ba3 b5 18. Ncd2 b4 19. Nxg5 Ncd4 20. exd4 Nxd4 21. Qe3 bxa3 22. Nxe6 axb2 23. Nxd8 bxc1=Q 24. Rxc1 Rxd8 25. Nf3 Nf5 26. Qxa7 Qxd3 27. Qxc7 e4 28. Ne5 Bxe5 29. Qxe5 e3 30. fxe3 Nxe3 31. Bf3 Nf5 32. Rf1 Nd4 33. Be4 Qc4 34. Qf6 Re8 35. Bg2 Re2 36. Qxh6 Qc5 37. Kh1 Rxa2 38. Be4 Nf5 1-0

[Event "Titled Tuesday intern op 2nd Aug"]
[Site "Chess.com INT"]
[Date "2016.08.02"]
[Round "3"]
[White "Fressinet, Laurent"]
[Black "Li, Ruifeng"]
[Result "1-0"]
[WhiteElo "2677"]
[BlackElo "2555"]
[PlyCount "179"]
[EventDate "2016.08.02"]
[EventType "swiss (blitz)"]
[EventRounds "9"]
[EventCountry "USA"]
[SourceTitle "EXT 2021"]
[Source "ChessBase"]
[SourceDate "2020.10.23"]
[SourceVersion "1"]
[SourceVersionDate "2020.10.23"]
[SourceQuality "1"]

1. Nf3 g6 2. g3 Bg7 3. Bg2 e5 4. O-O Ne7 5. d4 exd4 6. Nxd4 Nbc6 7. Nxc6 Nxc6 8. Nc3 O-O 9. Nd5 d6 10. c3 $146 ({RR} 10. a4 a5 11. Ra3 Re8 12. h4 Bg4 13. Re1 h6 14. Re3 Rxe3 15. Bxe3 Kh7 16. c3 Ne5 17. Bd4 c5 {½-½ (17) Genocchio,D (2349)-Gilevich,A (2407) Chianciano Terme 2021}) ({RR} 10. a4 a5 11. Ra3 Re8 12. h4 Bg4 13. Re1 h6 14. Re3 Rxe3 15. Bxe3 Kh7 16. c3 Ne5 17. Bd4 c5 {½-½ (17) Genocchio,D (2349)-Gilevich,A (2407) Chianciano Terme 2021}) 10... Ne5 11. h3 c6 12. Nf4 d5 13. b3 Bf5 14. Be3 Qe7 15. Bd4 Rfd8 16. Rc1 Be4 17. Bxe4 dxe4 18. Qc2 c5 19. Bxe5 Qxe5 20. Rcd1 h5 21. e3 h4 22. g4 Bh6 23. Ng2 Bg5 24. c4 Kg7 25. Qb1 Kh6 26. Rxd8 Rxd8 27. Rd1 Rxd1+ 28. Qxd1 Qe6 29. Nf4 Bxf4 30. exf4 Kg7 31. Qd2 Qf6 32. Kg2 Qd4 33. Qe2 Kf8 34. f5 gxf5 35. gxf5 Qe5 36. Qh5 Ke8 37. Qxh4 Qxf5 38. Qg4 Qe5 39. Qc8+ Ke7 40. Qxb7+ Kf6 41. Qc6+ Kg7 42. Qd5 Qf4 43. Qxc5 Qf3+ 44. Kg1 Qxh3 45. Qd4+ Kf8 46. Qxe4 Qc3 47. Qa8+ Kg7 48. Qxa7 Qe1+ 49. Kg2 Qe4+ 50. Kf1 Qb1+ 51. Ke2 Qc2+ 52. Ke3 Qc3+ 53. Ke4 Qc2+ 54. Kd5 Qf5+ 55. Kc6 Qe6+ 56. Kb5 Qe5+ 57. c5 Qe2+ 58. Kb6 Qxf2 59. b4 Qd4 60. Qa3 f5 61. Qg3+ Kf7 62. Qc7+ Kg8 63. Qc8+ Kg7 64. Qxf5 Qxb4+ 65. Kc6 Qa4+ 66. Kd6 Qxa2 67. Qe5+ Kh7 68. Qe7+ Kh8 69. Qf6+ Kh7 70. Qf5+ Kh8 71. c6 Qa3+ 72. Qc5 Qd3+ 73. Qd5 Qa3+ 74. Kd7 Qa4 75. Qe5+ Kg8 76. Kd6 Qb4+ 77. Kd7 Qa4 78. Qg5+ Kh8 79. Qf6+ Kg8 80. Kd8 Qa8+ 81. Ke7 Qa7+ 82. Kd6 Qa3+ 83. Kd7 Qa4 84. Qe6+ Kh7 85. Qd5 Kh8 86. Kd6 Qb4+ 87. Qc5 Qd2+ 88. Ke6 Qe2+ 89. Qe5+ Qxe5+ 90. Kxe5 1-0

[Event "Titled Tuesday intern op 2nd Aug"]
[Site "Chess.com INT"]
[Date "2016.08.02"]
[Round "6"]
[White "Matlakov, Maxim"]
[Black "Movsesian, Sergei"]
[Result "1-0"]
[WhiteElo "2686"]
[BlackElo "2666"]
[PlyCount "65"]
[EventDate "2016.08.02"]
[EventType "swiss (blitz)"]
[EventRounds "9"]
[EventCountry "USA"]
[SourceTitle "EXT 2021"]
[Source "ChessBase"]
[SourceDate "2020.10.23"]
[SourceVersion "1"]
[SourceVersionDate "2020.10.23"]
[SourceQuality "1"]

1. Nf3 Nf6 2. g3 d5 3. Bg2 c6 4. O-O Bg4 5. d3 Nbd7 6. h3 Bh5 7. Qe1 e5 8. e4 dxe4 9. dxe4 Bc5 10. a4 O-O 11. Nh4 Re8 ({RR} 11... a5 12. Nd2 Qc7 13. Kh1 Rfe8 14. Nb3 Bb4 15. Bd2 Bxd2 16. Qxd2 Red8 17. Qc3 Bg6 18. Nxg6 hxg6 19. Rfd1 b6 20. Bf3 Nf8 21. Kg2 Ne6 22. h4 g5 23. hxg5 Rxd1 24. Rxd1 Nxg5 25. Qe3 Nxf3 26. Qxf3 {Giri,A (2784)-So,W (2775) Doha 2015 ½-½ (62)}) ({RR} 11... a5 12. Nd2 Re8 13. Nc4 Bf8 14. Bg5 Qc7 15. f3 Re6 16. Bd2 b6 17. Kh1 Nc5 18. Bc3 Nfd7 19. f4 exf4 20. gxf4 f6 21. e5 fxe5 22. fxe5 Rae8 23. Qf2 Kh8 24. Nd6 Bxd6 25. exd6 Rxd6 26. Qg3 {Stefanova,A (2416)-Rogule,L (2248) Budapest HUN 2024 1-0 (43)}) 12. Na3 Qc7 13. Nc4 Nf8 $146 ({RR} 13... Bf8 14. Bd2 Re6 15. a5 Rd8 16. Nf5 b5 17. axb6 axb6 18. b3 Qb7 19. Kh2 b5 20. Nce3 Ree8 21. Bc3 Nc5 22. f3 Bg6 23. Nh4 Qb8 24. Nxg6 hxg6 25. Rd1 Ne6 26. Rxd8 Rxd8 27. Qa1 Nd4 28. Rd1 {Vorobiov,E (2555)-Abdusattorov,N (2498) St Petersburg 2017 ½-½ (47)}) ({RR} 13... Bf8 14. Bd2 Nc5 15. b3 Nfd7 16. Nf5 Ne6 17. Bc3 f6 18. Kh1 Ndc5 19. f3 Bg6 20. Qf2 Na6 21. Rad1 Red8 22. Rd2 Qd7 23. Rd6 Qc7 24. Rxd8 Qxd8 25. f4 Bc5 26. Qe1 exf4 27. gxf4 Nd4 28. Bxd4 {Nitin,S (2416)-Toshali,V (2101) Raipur 2022 1-0 (35)}) 14. b4 Be7 15. Nf5 N6d7 16. Nxe7+ Rxe7 17. Ba3 Ne6 18. b5 cxb5 19. Bxe7 Qxc4 20. Qd2 Nb6 21. a5 Na4 22. Qd5 Nc3 23. Qxb7 Re8 24. Qxa7 Nd4 25. Qd7 f6 26. a6 Nc6 27. a7 Ra8 28. Qb7 Rxa7 29. Rxa7 Nxa7 30. Qxa7 Be2 31. Ra1 h5 32. Qd7 Kh7 33. Bxf6 1-0

[Event "Wch U20 55th"]
[Site "Bhubaneswar"]
[Date "2016.08.15"]
[Round "8"]
[White "Maghsoodloo, Parham"]
[Black "Narayanan, Srinath"]
[Result "1-0"]
[WhiteElo "2576"]
[BlackElo "2515"]
[PlyCount "123"]
[EventDate "2016.08.08"]
[EventType "swiss"]
[EventRounds "13"]
[EventCountry "IND"]
[SourceTitle "CBM 173 Extra"]
[Source "ChessBase"]
[SourceDate "2016.08.29"]
[SourceVersion "1"]
[SourceVersionDate "2016.08.29"]
[SourceQuality "1"]

1. c3 Nf6 2. g3 d5 3. Nf3 g6 4. d3 Bg7 5. Bg2 O-O 6. O-O c5 7. Nbd2 Nc6 8. e4 dxe4 9. dxe4 Be6 ({RR} 9... Qd3 10. Re1 Rd8 11. Bf1 Qd7 12. h3 Qc7 13. Qc2 b6 14. a4 Nd7 15. Nc4 Nde5 16. Nfxe5 Nxe5 17. Nxe5 Bxe5 18. f4 Bg7 19. Be3 Bb7 20. Bg2 e5 21. f5 Rd7 22. Rf1 Rad8 23. fxg6 hxg6 24. Bg5 {Petrosian,T (2592)-Mamedyarov,S (2754) ICC INT 2007 1-0 (77)}) 10. h3 h6 11. Qe2 ({RR} 11. Qc2 Qd7 12. Kh2 b5 13. Re1 Rac8 14. Nb3 Nb8 15. Be3 Na6 16. Rad1 Qb7 17. Nh4 c4 18. Nd4 Bd7 19. f4 b4 20. e5 Nd5 21. Bxd5 Qxd5 22. Ndf5 Bxf5 23. Nxf5 Qe6 24. Nxg7 Kxg7 25. g4 bxc3 {Lahoz,C (1737)-Telles,A (1539) Florianopolis BRA 2024 0-1 (63)}) 11... Qb6 12. Re1 $146 ({RR} 12. Ne1 Ne8 13. Nd3 Nc7 14. Nf4 Rad8 15. Nxe6 Nxe6 16. f4 c4+ 17. Kh2 Na5 18. e5 Nc5 19. Ne4 Nd3 20. b4 Nc6 21. Be3 Qc7 22. Rfd1 b5 23. a4 a6 24. axb5 axb5 25. Ra6 Nb8 26. Rb6 g5 {Sjugirov,S (2646)-Rohan,A (2426) Doha 2015 1-0 (34)}) 12... Rfd8 13. Nc4 Qa6 14. Bf1 Nd7 15. Be3 Rac8 16. Rec1 Nb6 17. Ncd2 Qxe2 18. Bxe2 Na5 19. b3 Bxh3 20. Rab1 Bg4 21. Kf1 Bh3+ 22. Ke1 Be6 23. Nh4 g5 24. Nf5 Bxf5 25. exf5 Nd5 26. Ne4 Nxe3 27. fxe3 b6 28. b4 Nb7 29. Ba6 Rc7 30. Bxb7 Rxb7 31. bxc5 Rc7 32. Rd1 Rdc8 33. g4 bxc5 34. c4 e6 35. fxe6 fxe6 36. a4 Bf8 37. a5 Be7 38. Ke2 Kf7 39. Rf1+ Kg7 40. a6 Re8 41. Rfd1 Kf7 42. Rd3 Ra8 43. Rdb3 Ke8 44. Rb7 Rac8 45. Nc3 Bd8 46. Rxc7 Rxc7 47. Rb8 Ke7 48. Kf3 Rd7 49. Ke4 Bb6 50. Rh8 Rd2 51. Rxh6 Rb2 52. Nb5 Ra2 53. Ke5 Rxa6 54. Rh7+ Kf8 55. Kxe6 Bd8+ 56. Nd6 Kg8 57. Rd7 Ba5 58. e4 Bc3 59. e5 Bd4 60. Kf5 Ra2 61. Kg6 Rf2 62. Nf5 1-0

[Event "Split op 6th"]
[Site "Split"]
[Date "2016.08.20"]
[Round "9"]
[White "Kozul, Zdenko"]
[Black "Brkic, Ante"]
[Result "1-0"]
[WhiteElo "2619"]
[BlackElo "2577"]
[PlyCount "97"]
[EventDate "2016.08.13"]
[EventType "swiss"]
[EventRounds "9"]
[EventCountry "CRO"]
[SourceTitle "CBM 173 Extra"]
[Source "ChessBase"]
[SourceDate "2016.08.29"]
[SourceVersion "1"]
[SourceVersionDate "2016.08.29"]
[SourceQuality "1"]

1. g3 c5 2. Bg2 Nc6 3. c3 d5 4. d3 g6 5. Nf3 Bg7 6. O-O e6 7. e4 Nge7 8. Be3 ({RR} 8. Na3 h6 9. Be3 b6 10. exd5 Nxd5 11. d4 Rb8 12. dxc5 Nxe3 13. fxe3 Qxd1 14. Raxd1 bxc5 15. Nc4 Ba6 16. Nd6+ Ke7 17. Rf2 f5 18. Bf1 Bxf1 19. Kxf1 Rhd8 20. Rfd2 Ne5 21. Ke2 g5 22. e4 Nxf3 {Fedorov,A (2540)-Yagupov,I (2450) St Petersburg 1996 ½-½ (40)}) ({RR} 8. Bg5 h6 9. Be3 d4 10. Bd2 O-O 11. c4 e5 {½-½ (11) Luchs,M (1882)-Magdorf,P (2032) Hanerau 2015}) 8... d4 9. cxd4 cxd4 10. Bd2 a5 $146 ({RR} 10... O-O 11. Na3 h6 12. Qe2 e5 13. Nh4 Kh7 14. f4 exf4 15. gxf4 f5 16. e5 Be6 17. Nf3 Qd7 18. Rfc1 Rab8 19. Nc4 b5 20. Nd6 Rb6 21. a4 bxa4 22. Rc2 Nc8 23. Nc4 Rb8 24. Qe1 N8e7 25. Nd6 {Franz,K-Siepelt,H (2300) Germany 1993 0-1 (66)}) 11. a4 O-O 12. Na3 e5 13. Nc4 h6 14. Rc1 Be6 15. h4 Nc8 16. h5 g5 17. Nh2 Nd6 18. b3 Rb8 19. Qe1 Qe7 20. Nxa5 Nxa5 21. Bxa5 Bxb3 22. Qb4 b6 23. Qxb3 bxa5 24. Qa2 Nb7 25. Bh3 Nc5 26. Qc4 Nb3 27. Rc2 Rb4 28. Qc6 Qb7 29. Qxb7 Rxb7 30. Bc8 Rb4 31. Bd7 Rfb8 32. Ng4 Bf8 33. Nxe5 Nc5 34. Bb5 Nxa4 35. Bc4 Kg7 36. Ra2 R8b6 37. Rfa1 f6 38. Nd7 Rb1+ 39. Rxb1 Rxb1+ 40. Kg2 Rb4 41. e5 Be7 42. exf6+ Bxf6 43. Kf3 Bd8 44. Ra1 Nb2 45. Nc5 Be7 46. Ne6+ Kf6 47. Nxd4 Ra4 48. Rxa4 Nxa4 49. Nb5 1-0

[Event "Abu Dhabi op 23rd"]
[Site "Abu Dhabi"]
[Date "2016.08.23"]
[Round "3"]
[White "Adhiban, Baskaran"]
[Black "Zubov, Alexander"]
[Result "1-0"]
[WhiteElo "2671"]
[BlackElo "2606"]
[PlyCount "118"]
[EventDate "2016.08.21"]
[EventType "swiss"]
[EventRounds "9"]
[EventCountry "UAE"]
[SourceTitle "CBM 174 Extra"]
[Source "ChessBase"]
[SourceDate "2016.10.10"]
[SourceVersion "1"]
[SourceVersionDate "2016.10.10"]
[SourceQuality "1"]

1. Nf3 d5 2. c4 dxc4 3. e3 Nf6 4. Bxc4 e6 5. O-O c5 6. b3 Nc6 7. Bb2 Be7 8. d4 cxd4 9. Nxd4 Nxd4 10. Qxd4 Qxd4 11. Bxd4 Bd7 $146 ({RR} 11... a6 12. Be2 O-O 13. Nd2 b5 14. a4 bxa4 15. Rxa4 Bb7 16. Rfa1 Rfc8 17. Bxa6 Bxa6 18. Rxa6 Rxa6 19. Rxa6 Rc1+ 20. Nf1 h5 21. Ra1 Rc8 22. Bxf6 Bxf6 23. Rb1 g6 {0-1 (23) Spata,G (2257)-Mammadov,Z (2417) Chess.com INT 2020}) ({RR} 11... a6 12. Be2 O-O 13. Nd2 b5 14. a4 bxa4 15. Rxa4 Bb7 16. Rfa1 Rfc8 17. Bxa6 Bxa6 18. Rxa6 Rxa6 19. Rxa6 Rc1+ 20. Nf1 h5 21. Ra1 Rc8 22. Bxf6 Bxf6 23. Rb1 g6 {0-1 (23) Spata,G (2257)-Mammadov,Z (2417) Chess.com INT 2020}) 12. Be2 Bc6 13. Nd2 O-O 14. Nc4 Bb5 15. Bf3 Nd5 16. Rfd1 Rfd8 17. Rac1 b6 18. a4 Be8 19. a5 bxa5 20. Nxa5 Rdb8 21. Nc6 Bxc6 22. Rxc6 Rxb3 23. Bxd5 exd5 24. Rc7 Bd8 25. Rxa7 Rxa7 26. Bxa7 Bf6 27. g4 Rb5 28. Kg2 g5 29. Rc1 Be5 30. h4 h6 31. Rc8+ Kg7 32. h5 Rb7 33. Bc5 Rd7 34. Re8 d4 35. Bf8+ Kh7 36. Rxe5 d3 37. Bb4 d2 38. Bxd2 Rxd2 39. Kg3 Rd1 40. Kf3 Rg1 41. Rd5 Kg7 42. Rc5 Kf6 43. Rc4 Kg7 44. Ke2 Kf6 45. f3 Kg7 46. Kd3 Ra1 47. Ke4 Rf1 48. f4 gxf4 49. exf4 Ra1 50. Rc5 Ra6 51. g5 Rb6 52. Kf5 Ra6 53. Rd5 Rb6 54. Ra5 Rc6 55. Kg4 Rb6 56. Rf5 Ra6 57. Re5 Rb6 58. Re7 Kf8 59. Rd7 Ra6 1-0